| 000 | 00336nam a22001337a 4500 | ||
|---|---|---|---|
| 008 | 181022b xxu||||| |||| 00| 0 eng d | ||
| 020 | _a9780815722144 | ||
| 041 | _aeng | ||
| 080 | _a321 | ||
| 100 | _a19 | ||
| 101 | _aSHP | ||
| 245 |
_aAppalachian Legacy. Economic Opportunity after the War on Poverty _cZiliak, J.P |
||
| 942 |
_2udc _cBK |
||
| 999 |
_c50481 _d50481 |
||